Any dodž ne odradyv bohatu učast' na Kružl'ovskim festivali

Bibliographic Details
Main Author: Pilip, Milan (Author)
Format: Article
Language:Ukrainian
PhysicalDescription:Fotogr.
Subjects:
Online Access:www.rusyn.sk

MARC

LEADER 00000nab a2200000 a 4500
001 vtls010307313
003 SK-MaSNL
005 20260318114944.0
008 110830c2011 xo er p 000 c0ukr
015 |a SNBRB2011/08 
038 |a SVKPOCL 
040 |a SVKPOCL  |b slo  |c SVKPOCL  |e AACR2 
041 0 |a ukr 
044 |a xo  |c SK 
080 |a 394.2:398  |2 2001 
080 |a 398  |2 2001 
100 1 |a Pilip, Milan  |4 aut  |9 557447 
245 1 0 |a Any dodž ne odradyv bohatu učast' na Kružl'ovskim festivali  |c M. Pilip ; foto -pp- 
300 |b Fotogr. 
611 2 7 |a Obvodové slávnosti kultúry  |n (45. :  |d 2011 :  |c Kružlov, Slovensko)  |2 svkpocl  |9 1618921 
648 7 |a 3.7. 2011  |2 svkpocl  |9 1618922 
650 0 7 |a folklórne festivaly  |2 svkpocl  |9 29324 
651 7 |a Kružlov (Slovensko)  |2 svkpocl  |9 36300 
651 7 |a Bardejov (Slovensko : okres)  |2 svkpocl  |9 28620 
773 0 |t Info Rusyn  |g Roč. VIII, č. 12-13 (2011), s. 7 
852 |a SVKPO  |b KIS3GCP 
856 4 1 |u www.rusyn.sk 
958 |a RN 
958 |a SK 
999 |c 3335913  |d 3337843